| 000 | 01215nam a22003497a 4500 | ||
|---|---|---|---|
| 003 | CHAP | ||
| 005 | 20220329141658.0 | ||
| 008 | 971013s1976 r 00010 d | ||
| 010 | _a72080 | ||
| 011 | _a73052 | ||
| 035 | _a82609 | ||
| 040 | _cCHAP | ||
| 090 | _aTesis | ||
| 100 | 0 | 0 |
_aAguirre Aguirre, Antonio J. _92944 |
| 245 | _aSelección masal método modificado en la variedad forrajera de girasol (Helianthus annuus L) Tecmon 51 en Apodaca, N.L. | ||
| 260 |
_a(Monterrey, N.L.) : _bEl autor, _c1976 |
||
| 300 | _a53 h. | ||
| 502 | _aTesis (Ing. Agr. en Producción) -- ITESM. Div. de Ciencias Agropecuarias y Marítimas | ||
| 590 |
_aALEPH _b10 _c20130110 _lUCH01 _h1412 |
||
| 590 |
_aBATCH-UPD _b10 _c20130110 _lUCH01 _h0545 |
||
| 590 |
_aBATCH-UPD _b10 _c20130110 _lUCH01 _h2250 |
||
| 590 |
_aBATCH-UPD _b10 _c20130410 _lUCH01 _h0227 |
||
| 590 |
_aBATCH-UPD _b10 _c20130913 _lUCH01 _h2316 |
||
| 590 |
_aCONVERSION _b10 _c20130109 _lUCH01 _h1339 |
||
| 650 | 1 | 4 |
_aGirasol como forraje. _948189 |
| 650 | 1 | 4 |
_aGirasol _xRendimiento. _948171 |
| 650 | 1 | 4 |
_aGirasol _xSelección masal. _948174 |
| 650 | 1 | 4 |
_aGirasol _xVariedades. _948186 |
| 901 | _aBK | ||
| 942 | _cTESIS | ||
| 949 |
_bBC _cTES _d-36759 _eTS1 _i82609 _si |
||
| 999 |
_c72080 _d72080 |
||